LEADER 00902nam0-22002651i-450- 001 990002798940403321 035 $a000279894 035 $aFED01000279894 035 $a(Aleph)000279894FED01 035 $a000279894 100 $a20000920d1929----km-y0itay50------ba 101 0 $aITA 200 1 $a<>determinazione del reddito nelle imprese commerciali : i valori di conto in relazione alla formazione dei bilanci$fGino Zappa 205 $a2.ed. 210 $aRoma$cAnonima Libraria Italiana$d1929 215 $axxiv, 749 p.$d24 cm 700 1$aZappa,$bGino$f<1879-1960>$0107350 801 0$aIT$bUNINA$gRICA$2UNIMARC 901 $aBK 912 $a990002798940403321 952 $a1-4-20-RA$b11908 B.C.$fECA 959 $aECA 996 $aDeterminazione del reddito nelle imprese commerciali : i valori di conto in relazione alla formazione dei bilanci$9421910 997 $aUNINA DB $aING01 LEADER 01306cam0-2200433---450 001 990004268820403321 005 20170323094211.0 010 $a88-420-3978-0 035 $a000426882 035 $aFED01000426882 035 $a(Aleph)000426882FED01 035 $a000426882 100 $a20110719d1992----km-y0itay50------ba 101 0 $aita 102 $aIT 105 $ay-------001yy 200 1 $a<>Mezzogiorno alla fine del Settecento$fantologia a cura di Francesco Di Battista$gintroduzione di Antonio Maria Fusco 210 $aRoma ; Bari$cLaterza$d1992 215 $aXXVII, 388 p.$d21 cm 225 1 $aClassici meridionali 610 0 $aItalia meridionale$aCondizioni economiche e soaciali$aSec. 18. 676 $a340 676 $a330.9457$v22$zita 702 1$aDi Battista,$bFrancesco 702 1$aFusco,$bAntonio Maria$f<1933- > 801 0$aIT$bUNINA$gRICA$2UNIMARC 901 $aBK 912 $a990004268820403321 952 $aN03.26$b5291$fDECTS 952 $a330.947 MEZ$bBibl. 21073$fFLFBC 952 $aSDI-KG 1488$bs.i.$fSDI 952 $aSDI-KG 1488bis$bs.i.$fSDI 952 $aXI A 2349$b26847$fFSPBC 959 $aDECTS 959 $aFLFBC 959 $aFSPBC 959 $aSDI 996 $aMezzogiorno alla fine del Settecento$9490552 997 $aUNINA